|
|
|
|
| LEADER |
00000nam a2200000 a 4500 |
| 005 |
20120327143352.0 |
| 007 |
cr|||| |||| |
| 008 |
100108s2009 sp |||||| 000 ||spa|c |
| 020 |
|
|
|a 9788496721937
|
| 035 |
|
|
|a 5830
|
| 040 |
|
|
|d vLex
|
| 080 |
|
|
|a 331
|
| 090 |
|
|
|c 3089
|d 3089
|
| 100 |
1 |
|
|a Sanchez Castillo, Mercedes
|
| 245 |
1 |
3 |
|a La Proteccin̤ de la maternidad frente a los riesgos derivados del trabajo
|h [Recurso electrn̤ico] /
|c M® Mercedes Sǹchez Castillo
|
| 256 |
|
|
|a Servicio en ln̕ea
|
| 260 |
|
|
|a Albacete :
|b Bomarzo,
|c DL2009
|
| 300 |
|
|
|a 1 recurso electrn̤ico
|
| 506 |
1 |
|
|a Contenido solo disponible en los productos indicados
|d vLex Global
|d vLex Global (Academic Edition, excluding Law Schools)
|d vLex Global (U.S. Academic Edition, Law Schools)
|d vLex Global (U.S. Academic Edition, excluding Law Schools)
|d vLex Global (Academic Edition, Law Schools)
|
| 650 |
0 |
4 |
|a Maternidad
|z Espaą
|x Proteccin̤
|
| 650 |
0 |
4 |
|a Mujeres embarazadas
|x Trabajo
|z Espaą
|x Proteccin̤
|
| 650 |
0 |
4 |
|a Mujeres embarazadas
|x Medidas de seguridad
|z Espaą
|
| 650 |
0 |
4 |
|a Derecho del trabajo
|
| 650 |
0 |
4 |
|a Seguridad social
|
| 650 |
0 |
4 |
|a Legislacin̤
|
| 651 |
|
4 |
|a Espaą
|
| 740 |
0 |
|
|a vLex Libros (Servicio en ln̕ea)
|
| 856 |
4 |
0 |
|u http://vlex.com/source/proteccion-maternidad-frente-riesgos-derivados-trabajo-5830
|z Acceso restringido
|
| 942 |
|
|
|c BOOK
|
| 999 |
0 |
|
|a Motherhood
|
| 999 |
0 |
|
|a Pregnant women
|
| 999 |
0 |
|
|a Labor laws and legislation
|